| 000 | 00505nam a2200193 a 4500 | ||
|---|---|---|---|
| 001 | 11104 | ||
| 003 | CO-ViMGA | ||
| 008 | 141112s2004 ck r 000 u spa d | ||
| 020 | _a9800102345 | ||
| 040 |
_aCO-ViMGA _bspa _cCO-ViMGA |
||
| 082 | 0 | 4 | _aV867.08 N19h V.1 |
| 100 | 1 |
_aNazoa, Aquiles _915387 |
|
| 245 | 1 | 0 | _aLos humoristas de Caracas |
| 250 | _a1 | ||
| 260 |
_aCaracas, _cMonte Avila editores, _c1990 |
||
| 300 | _a277 p. | ||
| 650 | 1 | 4 |
_aHUMORISMO VENEZOLANO, COLECCIONES _915388 |
| 942 |
_2ddc _cBK |
||
| 999 |
_c22318 _d22318 |
||